[Event "Liga Insular Gran Canaria 2b"]
[Site "Las Palmas"]
[Date "2019.05.11"]
[Round "7.2"]
[White "Santana Chacopino, Carlos"]
[Black "Suarez Gonzalez, Isidro"]
[Result "1/2-1/2"]
[WhiteElo "1420"]
[BlackElo "1306"]
[PlyCount "65"]
[EventDate "2019.03.02"]
[EventType "team-tourn"]
[EventRounds "10"]
[EventCountry "ESP"]
[SourceTitle "EXT 2021"]
[Source "ChessBase"]
[SourceDate "2020.10.23"]
[SourceVersion "1"]
[SourceVersionDate "2020.10.23"]
[SourceQuality "1"]
[WhiteTeam "Fundacion La Caja de Canarias IV"]
[BlackTeam "Sociedad La Montana IV"]
[WhiteTeamCountry "ESP"]
[BlackTeamCountry "ESP"]

1. d4 d5 2. Bf4 Nf6 3. Nf3 Bf5 4. e3 a6 5. Nbd2 Ne4 6. Bd3 Nxd2 7. Bxf5 Nxf3+ 8. Qxf3 e6 9. Bd3 Nc6 10. a3 Bd6 11. Qg3 g6 12. h4 Bxf4 13. Qxf4 Qd6 14. Qf6 Rg8 15. g4 Qe7 16. Qxe7+ Nxe7 17. e4 0-0-0 18. e5 Rh8 19. 0-0-0 h5 20. g5 Nc6 21. c3 Na5 22. b4 Nc4 23. Bxc4 dxc4 24. Kc2 b5 25. Rh3 c6 26. Rf3 Rhf8 27. Rf6 Kc7 28. Re1 Kd7 29. Re3 Ke7 30. Re1 Rd5 31. Ra1 Ra8 32. a4 Rdd8 33. a5 1/2-1/2

[Event "Las Palmas Insular-chT Segunda 1718"]
[Site "Las Palmas"]
[Date "2018.02.03"]
[Round "7.1"]
[White "Cabrera Ramos, Javier"]
[Black "Santana Chacopino, Carlos"]
[Result "1-0"]
[WhiteElo "1624"]
[BlackElo "1422"]
[PlyCount "83"]
[EventDate "2017.10.28"]
[EventType "team-swiss"]
[EventRounds "9"]
[EventCountry "ESP"]
[SourceTitle "EXT 2021"]
[Source "ChessBase"]
[SourceDate "2020.10.23"]
[SourceVersion "1"]
[SourceVersionDate "2020.10.23"]
[SourceQuality "1"]
[WhiteTeam "Panaderia Pulido San Mateo II"]
[BlackTeam "Fundacion La Caja de Canarias IV"]
[WhiteTeamCountry "ESP"]
[BlackTeamCountry "ESP"]

1. Nf3 Nf6 2. c4 g6 3. d4 Bg7 4. Nc3 0-0 5. Bf4 d6 6. e4 Re8 7. Be2 Nbd7 8. 0-0 b6 9. Qc2 Bb7 10. Bd3 Nh5 11. Be3 e5 12. d5 Nc5 13. Be2 Nf4 14. b4 Nxe2+ 15. Qxe2 Nd7 16. Rab1 Ba6 17. Nd2 Rf8 18. Rfc1 f5 19. f3 f4 20. Bf2 Bf6 21. Qe1 Rf7 22. c5 Rg7 23. b5 Bc8 24. cxd6 cxd6 25. Ne2 Nc5 26. Bxc5 bxc5 27. a4 Rb7 28. Nc4 g5 29. g4 fxg3 30. Nxg3 g4 31. Nh5 Bg5 32. Rc3 Rf7 33. Qg3 Bf4 34. Qg2 Kh8 35. fxg4 h6 36. Rf3 Rf8 37. Rbf1 Qg5 38. h3 Rg8 39. Nxf4 exf4 40. Rxf4 Qe7 41. Rf7 Qd8 42. R7f6 1-0

[Event "Las Palmas Insular-chT Segunda 1718"]
[Site "Las Palmas"]
[Date "2018.01.20"]
[Round "6.1"]
[White "Santana Chacopino, Carlos"]
[Black "Segura Marsa, Andres"]
[Result "0-1"]
[WhiteElo "1422"]
[BlackElo "1495"]
[PlyCount "90"]
[EventDate "2017.10.28"]
[EventType "team-swiss"]
[EventRounds "9"]
[EventCountry "ESP"]
[SourceTitle "EXT 2019"]
[Source "ChessBase"]
[SourceDate "2018.10.10"]
[SourceVersion "1"]
[SourceVersionDate "2018.10.10"]
[SourceQuality "1"]
[WhiteTeam "Fundacion La Caja de Canarias V"]
[BlackTeam "Puerto Santa Lucia II"]
[WhiteTeamCountry "ESP"]
[BlackTeamCountry "ESP"]

1. d4 Nf6 2. Bf4 g6 3. Nf3 Bg7 4. e3 0-0 5. c3 d6 6. Bd3 Nh5 7. Bg5 Nd7 8. Qc2 Qe8 9. 0-0 e5 10. Nbd2 d5 11. dxe5 Nxe5 12. Nxe5 Qxe5 13. Bh4 c5 14. Nf3 Qc7 15. Bg3 Nxg3 16. hxg3 h6 17. Rad1 Be6 18. a3 Rac8 19. Qb1 Rfd8 20. Rc1 Qd6 21. Rcd1 Bg4 22. Be2 Qb6 23. Rd2 Bxf3 24. Bxf3 d4 25. cxd4 cxd4 26. exd4 Rxd4 27. Rxd4 Bxd4 28. b4 Rc3 29. Qa2 Kg7 30. g4 Qc7 31. a4 Rc2 32. Qd5 Qb6 33. Qxb7 Bxf2+ 34. Kh1 Qxb7 35. Bxb7 Bg3 36. Rd1 Rc4 37. Kg1 Rxb4 38. Bc6 Rxg4 39. Kf1 Rc4 40. Bb5 Rc2 41. Rd7 Rf2+ 42. Kg1 Rb2 43. Kf1 Rf2+ 44. Kg1 Rf5 45. Rxa7 Bf2+ 0-1

[Event "Las Palmas Insular-chT Segunda-B 1617"]
[Site "Las Palmas"]
[Date "2016.11.12"]
[Round "4.3"]
[White "Perez Castellano, Yaiza"]
[Black "Santana Chacopino, Carlos"]
[Result "0-1"]
[WhiteElo "1607"]
[BlackElo "1442"]
[PlyCount "62"]
[EventDate "2016.10.22"]
[EventType "team-tourn"]
[EventRounds "14"]
[EventCountry "ESP"]
[SourceTitle "EXT 2018"]
[Source "ChessBase"]
[SourceDate "2017.10.13"]
[SourceVersion "1"]
[SourceVersionDate "2017.10.13"]
[SourceQuality "1"]
[WhiteTeam "Grandama III"]
[BlackTeam "Fundacion La Caja de Canarias IV"]
[WhiteTeamCountry "ESP"]
[BlackTeamCountry "ESP"]

1. e4 e6 2. d4 d5 3. Bd3 dxe4 4. Bxe4 Nf6 5. Bd3 Be7 6. Nf3 c6 7. Nc3 Nbd7 8. Bf4 h6 9. Ne5 Nxe5 10. dxe5 Nd5 11. Nxd5 Qxd5 12. Qd2 g5 13. Bg3 Bd7 14. f4 0-0-0 15. Bf2 Bc5 16. Bxc5 Qxc5 17. 0-0-0 g4 18. h3 gxh3 19. Rxh3 f5 20. Rdh1 Qd5 21. Kb1 Rdg8 22. g3 Rxg3 23. Qh2 Rxh3 24. Qxh3 h5 25. Qh4 Qg2 26. Kc1 Qg4 27. Qh2 Qf3 28. Qh4 Qe3+ 29. Kd1 Rg8 30. Qxh5 Qxf4 31. Qh7 Rg2 0-1

[Event "Las Palmas Insular-chT Segunda-B 1617"]
[Site "Las Palmas"]
[Date "2016.11.05"]
[Round "3.3"]
[White "Santana Chacopino, Carlos"]
[Black "Yuan, Ying Jie"]
[Result "1-0"]
[WhiteElo "1442"]
[BlackElo "1199"]
[PlyCount "59"]
[EventDate "2016.10.22"]
[EventType "team-tourn"]
[EventRounds "14"]
[EventCountry "ESP"]
[SourceTitle "EXT 2018"]
[Source "ChessBase"]
[SourceDate "2017.10.13"]
[SourceVersion "1"]
[SourceVersionDate "2017.10.13"]
[SourceQuality "1"]
[WhiteTeam "Fundacion La Caja de Canarias IV"]
[BlackTeam "Hotel Avda de Canarias V"]
[WhiteTeamCountry "ESP"]
[BlackTeamCountry "ESP"]

1. d4 d5 2. Bf4 c5 3. e3 e6 4. c3 Nc6 5. Nf3 Nf6 6. Qc2 Be7 7. Nbd2 0-0 8. Bd3 h6 9. h3 Qb6 10. g4 cxd4 11. exd4 Ne8 12. h4 f5 13. gxf5 exf5 14. h5 Bd6 15. Bxd6 Nxd6 16. 0-0-0 Bd7 17. Nb3 Na5 18. Ne5 Ba4 19. Rdg1 Ne4 20. Rg6 Nxb3+ 21. axb3 Bxb3 22. Qb1 Qc7 23. Rhg1 Nxf2 24. Rxg7+ Qxg7 25. Rxg7+ Kxg7 26. Bxf5 Rf6 27. Kd2 b5 28. Qg1+ Kh8 29. Qxf2 Raf8 30. Ng6+ 1-0

[Event "Gran Canaria Galdos op 1st"]
[Site "Gran Canaria"]
[Date "2016.05.04"]
[Round "5"]
[White "Julien Casteleiro, Ariel"]
[Black "Santana Chacopino, Carlos"]
[Result "0-1"]
[WhiteElo "1620"]
[BlackElo "1440"]
[PlyCount "150"]
[EventDate "2016.04.26"]
[EventType "swiss"]
[EventRounds "6"]
[EventCountry "ESP"]
[SourceTitle "CBM 172 Extra"]
[Source "ChessBase"]
[SourceDate "2016.06.21"]
[SourceVersion "1"]
[SourceVersionDate "2016.06.21"]
[SourceQuality "1"]

1. d4 Nf6 2. Nf3 g6 3. Nc3 Bg7 4. Bg5 d6 5. Qd2 Bg4 6. Bh6 Nh5 7. Bxg7 Nxg7 8. h3 Bxf3 9. gxf3 Nd7 10. e4 e5 11. d5 Nh5 12. 0-0-0 Nf4 13. Kb1 a6 14. Ne2 Qf6 15. h4 a5 16. Nc3 0-0 17. a4 Nc5 18. Bb5 Nh5 19. Qe3 Qf4 20. Rdg1 f5 21. Be2 Qxe3 22. fxe3 f4 23. exf4 Rxf4 24. b3 c6 25. Rh2 Na6 26. Bc4 Kg7 27. Kb2 Nc7 28. Nd1 b5 29. Bd3 bxa4 30. bxa4 cxd5 31. exd5 Nxd5 32. Be4 Rb8+ 33. Ka3 Ndf6 34. Bc6 d5 35. Rh3 Rbb4 36. Bb5 Rxh4 37. Rxh4 Rxh4 38. Rg5 e4 39. fxe4 Rg4 40. Rxg4 Nxg4 41. exd5 Ne5 42. c4 Nf6 43. Ne3 Nfd7 44. Kb2 h5 45. Kc3 Kf6 46. Kd4 Nf3+ 47. Ke4 Nfe5 48. Nd1 g5 49. Nf2 g4 50. Kf4 Nc5 51. Nh1 h4 52. d6 g3 53. Nxg3 hxg3 54. Kxg3 Ke6 55. Kf4 Kxd6 56. Ke3 Ned7 57. Kd4 Nb6 58. Be8 Nbxa4 59. Bb5 Nb6 60. Kc3 Ke5 61. Bc6 Ne4+ 62. Kd3 Nc5+ 63. Kc3 Nba4+ 64. Kd2 Kd4 65. Bb5 Nb6 66. Kc2 Nxc4 67. Kb1 Kc3 68. Ka2 Kb4 69. Be8 Nd6 70. Bc6 Nb5 71. Be8 a4 72. Bf7 a3 73. Ka1 Nb3+ 74. Kb1 Nc3+ 75. Kc2 a2 0-1

[Event "Las Palmas Insular-chT Primera-B"]
[Site "Las Palmas"]
[Date "2016.02.06"]
[Round "11.2"]
[White "Gonzalez Ortega, Pino"]
[Black "Santana Chacopino, Carlos"]
[Result "1-0"]
[WhiteElo "1442"]
[BlackElo "1427"]
[PlyCount "89"]
[EventDate "2015.10.17"]
[EventType "team-tourn"]
[EventRounds "14"]
[EventCountry "ESP"]
[SourceTitle "EXT 2017"]
[Source "ChessBase"]
[SourceDate "2016.10.25"]
[SourceVersion "1"]
[SourceVersionDate "2016.10.25"]
[SourceQuality "1"]
[WhiteTeam "El Puerto de Santa Lucia"]
[BlackTeam "Hotel Avda de Canarias IV"]
[WhiteTeamCountry "ESP"]
[BlackTeamCountry "ESP"]

1. d4 Nf6 2. c4 g6 3. Nc3 Bg7 4. Bf4 d6 5. e3 Bg4 6. Nge2 Nbd7 7. h3 Bf5 8. Ng3 e5 9. Nxf5 gxf5 10. Bg5 h6 11. Bh4 Nb6 12. dxe5 dxe5 13. Qf3 Qc8 14. c5 e4 15. Qd1 Nbd7 16. Qd4 c6 17. Rd1 0-0 18. Qd6 Re8 19. Bc4 Qb8 20. b4 Bf8 21. Qd4 Bg7 22. Ne2 Qe5 23. Qd2 Rad8 24. Bg3 f4 25. Nxf4 Qg5 26. Qe2 Ne5 27. Bb3 Rxd1+ 28. Qxd1 Nd3+ 29. Nxd3 exd3 30. Qxd3 Ne4 31. h4 Qf6 32. Bf4 Qa1+ 33. Qd1 Qc3+ 34. Ke2 Qf6 35. Qc2 Nc3+ 36. Kf1 Ne4 37. f3 Qa1+ 38. Qd1 Nd2+ 39. Ke2 Qxd1+ 40. Bxd1 Nc4 41. Bb3 Na3 42. Rd1 Nb5 43. Kf2 Re7 44. Rd8+ Kh7 45. Bc2+ 1-0

[Event "Las Palmas Insular-chT Primera-B"]
[Site "Las Palmas"]
[Date "2015.11.07"]
[Round "2.1"]
[White "Damaso Tacoronte, Carolina"]
[Black "Santana Chacopino, Carlos"]
[Result "1-0"]
[WhiteElo "1819"]
[BlackElo "1441"]
[PlyCount "111"]
[EventDate "2015.10.17"]
[EventType "team-tourn"]
[EventRounds "14"]
[EventCountry "ESP"]
[SourceTitle "CBM 170 Extra"]
[Source "ChessBase"]
[SourceDate "2016.02.25"]
[SourceVersion "1"]
[SourceVersionDate "2016.02.25"]
[SourceQuality "1"]
[WhiteTeam "La Aldea"]
[BlackTeam "La Caja de Canarias IV"]
[WhiteTeamCountry "ESP"]
[BlackTeamCountry "ESP"]

1. e4 e6 2. d4 d5 3. Nd2 dxe4 4. Nxe4 Bd7 5. Nf3 Bc6 6. Bd3 Bxe4 7. Bxe4 c6 8. 0-0 Nf6 9. Bg5 Be7 10. Bd3 Nbd7 11. c3 h6 12. Bh4 g5 13. Bg3 Nh5 14. Be5 f6 15. Bg6+ Kf8 16. Bxh5 fxe5 17. Nxe5 Nxe5 18. dxe5 Qxd1 19. Raxd1 Rd8 20. Rxd8+ Bxd8 21. f4 Bb6+ 22. Kh1 Ke7 23. fxg5 hxg5 24. Rf7+ Kd8 25. Bg4 Rh4 26. h3 Rh6 27. Rg7 Be3 28. Rxb7 Bf4 29. Rxa7 Bxe5 30. Bf3 Rf6 31. Kg1 Bf4 32. Rb7 Be3+ 33. Kf1 Kc8 34. Rh7 c5 35. Ke2 Bc1 36. b3 Rf5 37. Bg4 Re5+ 38. Kd1 Bf4 39. Re7 Rd5+ 40. Kc2 Rd2+ 41. Kb1 Rxg2 42. Rxe6 Kc7 43. Re7+ Kd6 44. Re6+ Kc7 45. Re2 Rg1+ 46. Kc2 Rc1+ 47. Kd3 Kb6 48. Rc2 Re1 49. Re2 Rc1 50. b4 cxb4 51. cxb4 Rd1+ 52. Kc3 Rc1+ 53. Kb3 Rc6 54. a4 Rd6 55. Rc2 Rd3+ 56. Rc3 1-0

[Event "Gran Canaria-ch Seniors"]
[Site "Gran Canaria"]
[Date "2015.05.05"]
[Round "2"]
[White "Medina Suarez, Jose Roman"]
[Black "Santana Chacopino, Carlos"]
[Result "1-0"]
[WhiteElo "1602"]
[BlackElo "1433"]
[PlyCount "117"]
[EventDate "2015.04.28"]
[EventType "swiss"]
[EventRounds "6"]
[EventCountry "ESP"]
[SourceTitle "CBM 166 Extra"]
[Source "ChessBase"]
[SourceDate "2015.06.18"]
[SourceVersion "1"]
[SourceVersionDate "2015.06.18"]
[SourceQuality "1"]

1. e4 e6 2. c4 c6 3. b3 Nf6 4. d3 d5 5. cxd5 cxd5 6. e5 Nfd7 7. d4 Be7 8. Bb5 a6 9. Bxd7+ Bxd7 10. Ne2 0-0 11. 0-0 f6 12. f4 f5 13. Ba3 Nc6 14. Bxe7 Qxe7 15. a3 Nd8 16. Nbc3 Nf7 17. b4 Nh6 18. h3 Rfc8 19. Na4 Bxa4 20. Qxa4 Nf7 21. Rac1 g5 22. Rc5 Nd8 23. Rxc8 Rxc8 24. Rc1 Rxc1+ 25. Nxc1 gxf4 26. Ne2 Nc6 27. Qd1 Qg5 28. Qf1 Kf7 29. Qf2 f3 30. Qxf3 Qd2 31. Qh5+ Kg7 32. Ng3 Qxd4+ 33. Kh2 Qxe5 34. Qg5+ Kf7 35. h4 f4 36. Nh5 Qxg5 37. hxg5 e5 38. Nf6 d4 39. Ne4 Kg6 40. Kg1 h6 41. gxh6 Kxh6 42. Kf1 Kg6 43. Nc5 Nd8 44. Ke2 Kf5 45. Kd3 Nc6 46. Nxb7 e4+ 47. Ke2 d3+ 48. Kd2 Ne5 49. Nd6+ Kg4 50. Nxe4 f3 51. gxf3+ Kxf3 52. Nc5 a5 53. Nxd3 Nc4+ 54. Kc3 Nxa3 55. bxa5 Nb5+ 56. Kb4 Na7 57. Kc5 Ke4 58. Nb4 Ke5 59. Nc6+ 1-0